000 00430nam a22001457a 4500
008 191112b ||||| |||| 00| 0 eng d
020 _a9966463836
050 _aPR 9381.9 .I43 2004
100 _aImbuga, Francis.
245 _aAminata/
_cFrancis Imbuga.
260 _aNairobi:
_bE.A.E.P,
_c2004.
300 _a77p.:
_c20 cm.
650 _aKenyan drama
_vEnglish.
942 _2lcc
_cSH_L_BOOKS
_hPR 9381.9 .I43 2004
999 _c30583
_d30583